Medicinal herbs and flowers

Bibliographic Details
Main Author: Bhattacharjee, S.K
Other Authors: De, L.C
Format: Book
Published: Jaipur, India : Aavishkar Publishers , 2005
Subjects:

MARC

LEADER 00000cam a2200000 7i4500
001 0000003653
005 20080129.0
020 0 0 |a 8179100960 
090 0 0 |a 581.6340222   |b BHA 
100 1 0 |a Bhattacharjee, S.K. 
245 1 0 |a Medicinal herbs and flowers   |c S.K. Bhattacharjee and L.C. De 
260 0 0 |a Jaipur, India :   |b Aavishkar Publishers ,   |c 2005 
300 |a xx, 434p. :   |b ill. ;   |c 25cm. 
650 0 0 |a Botany, Medical   |x Pictorial works 
650 0 0 |a Herbs 
650 0 0 |a Herbs   |x Pictorial works 
650 0 0 |a Medicinal plants 
700 1 1 |a De, L.C. 
999 |a 0000007245   |b Monograph   |c Open Shelf   |e Default branch